000 00557nam a22001817a 4500
005 20251108170133.0
008 250721s2001 xx 000 0 ara d
082 1 4 _a341.481/شطن
100 1 _aشطناوي، فيصل
245 1 0 _aحقوق الإنسان و القانون المدني الإنساني /
250 _aط2
264 1 _aعمان :
_bدار الحامد للنشر و التوزيع،
_c2001.
300 _a372ص
650 1 7 _aحقوق الإنسان
650 1 7 _aالقانون المدني
942 _2ddc
_cBK
999 _c40645
_d40645